Statistics for Correct The Spelling #8

Click here to take the quiz!

General Stats

  • This quiz has been taken 55 times
  • The average score is 6 of 15

Answer Stats

HintAnswer% Correct
LainLane
90%
VaneVein
79%
MihnipalisMinneapolis
64%
RepootashunReputation
57%
SoonahmeTsunami
45%
EspxerimenrtExperiment
43%
MizisipiMississippi
43%
LareLair
40%
ManeMaine
40%
LimbeauLimbo
38%
RayhhndrodpRaindrop
33%
JewelryJewellery
31%
NaghtiveNative
24%
EdnaEtna
12%
EadAte
5%

Score Distribution

Percentile by Number Answered

Percent of People with Each Score

Your Score History

You have not taken this quiz